000 00309nam a2200121 a 4500
005 20140513081057.0
008 071022s19uu xx 00 eng d
050 _aVCD
_bCo732 2004
245 _aCome on over to Barney's house.
260 _aPhils :
_bViva Video,
_c2004.
440 _aBarney :
999 _c116594
_d116594